| 000 | 00702nam a22002417a 4500 | ||
|---|---|---|---|
| 999 |
_c135871 _d135871 |
||
| 003 | dpl | ||
| 005 | 20181129142338.0 | ||
| 008 | 181129b ||||| |||| 00| 0 eng d | ||
| 010 | _aB-218807 | ||
| 020 |
_c125.00 _a8183820700 |
||
| 035 | _aB-218807 | ||
| 037 | _bCen Lib/Ret | ||
| 040 |
_aDPL _bEN _c0 |
||
| 082 |
_a158.1 _bBIL |
||
| 100 |
_aBilly, Chris _998958 |
||
| 245 |
_aGrow rich with peace of mind / _cby Chris Billy |
||
| 260 |
_aNew Delhi _bLotus Press _c2006 |
||
| 270 |
_bNew Delhi _a4263/3, Ansari Road, Darya Ganj _e110002 |
||
| 300 |
_a166p. _c20cm(pbk) |
||
| 650 |
_aPeace of mind _998959 |
||
| 650 |
_aGetting rich _998960 |
||
| 942 |
_2ddc _cEN _h158.1 _mBIL |
||